000 00462nam a2200181Ia 4500
005 20250508150545.0
008 008 250505s9999 xx 000 0 eng d
037 _aTextual
040 _aFEDL
_beng
_cFEDL
041 _aeng
_2eng
084 _aB, SHA
_qFEDL
100 _aChesterton G K
245 0 _aGeorge Benard Shaw
260 _aLondon, UK
_bThe Bodley Head
_c1948
300 _a296p
942 _cTEXL
_hB, SHA
999 _c1324244
_d1324244